00462nam a2200169Ia 4500999001700000003000400017005001700021008004100038040000900079082002400088100002100112245003400133260004200167300000900209650002000218942005400238 c12131d12131OSt20201016140636.0190216s9999||||xx |||||||||||||| ||und|| coclc a378.19810954bGUP/Y aGupta, R C93117 0aYouth In Ferment /cR C Gupta bSterling Publications,c1968.aDelhi: a143p aEnglish Stories cBK2ddch378.19810954iGUP/Yk378.19810954mGUP/Y